000 00756nam a2200205Ii 4500
003 JO-AjNU
008 230605s9999||||xx |||||||||||||| ||und||
017 _a2005/9/2247
040 _aJO-AjNU
_bara
_erda
_cJO-AjNU
041 _aara
050 1 4 _aNA1467 2005
100 3 _aوهيب,محمد تاليف ,
_eauthor
_99444
245 0 0 _aفن هندسة العمارة في عمان(فيلادلفييا) :خلال القرن الاول-الثالث الميلادي، ج1
264 3 1 _aعمان:المؤلف ,2005
300 _aج1، 145ص
336 _atext
_btxt
_2rdacontent
337 _aunmediated
_bn
_2rdamedia
338 _avolume
_bnc
_2rdacarrier
650 4 _aالهندسة المعمارية-تاريخ الاردن-عمان-الاردن
_99445
999 _aA1305
_c4873
_d4873